Pays possédant une personne ayant vécu 115 ans ou plus - Statistiques

Statistiques générales
  • Ce quiz a été pris 227 fois
    226 depuis la dernière actualisation
  • Le résultat moyen est 10 sur 12
Statistiques - réponses
Continent Âge Pays % Correct
Europe 122 ans,164 jours France (Jeanne Calment)
100%
Amérique 119 ans,97 jours Etats-Unis (Sarah Knauss)
98%
Amérique 117 ans,230 jours Canada (Marie-Louise Meilleur)
97%
Europe 117 ans,137 jours Italie (Emma Morano)
97%
Asie 117 ans,27 jours Japon (Misao Okawa)
97%
Europe 115 ans,210 jours (au 27.05.2017) Espagne (Ana Maria Vela Rubio)
96%
Europe 115 ans,228 jours Royaume-Uni (Charlotte Hughes)
86%
Europe 115 ans,114 jours Portugal (Maria de Jesus)
79%
Europe 115 ans,252 jours Danemark (Christian Mortensen)
63%
Europe 115 ans,62 jours Pays-Bas (Hendrikje van Andel-Schipper)
63%
Amérique 116 ans,347 jours Equateur (Maria Capovilla)
49%
Amérique 117 ans,78 jours (au 27.05.2017) Jamaïque (Violet Brown)
40%
Aucun quiz correspondant
Distribution des résultats
% des personnes avec chaque résultat
Percentile par nombre de réponses
Votre historique - résultats
Vous n’avez pas pris ce quiz depuis la dernière actualisation